000 00329nam a22001457a 4500
008 210429b ||||| |||| 00| 0 eng d
020 _a3042547495729
041 _aeng
080 _a574
082 _a574
100 _a9
101 _aMJE
245 _aPlanting Green Roofs and Living Walls
_cNigel Dunnett
942 _2udc
_cBK
999 _c57016
_d57016